Listen : (Record no. 741)

MARC details
000 -LEADER
fixed length control field 02569nam a22005417a 4500
001 - CONTROL NUMBER
control field 22887076
005 - DATE AND TIME OF LATEST TRANSACTION
control field 20231103090142.0
007 - PHYSICAL DESCRIPTION FIXED FIELD--GENERAL INFORMATION
fixed length control field ta
008 - FIXED-LENGTH DATA ELEMENTS--GENERAL INFORMATION
fixed length control field 231103b |||||||| |||| 00| 0 eng d
010 ## - LIBRARY OF CONGRESS CONTROL NUMBER
LC control number 2021389332
015 ## - NATIONAL BIBLIOGRAPHY NUMBER
National bibliography number GBC1A4253
Source bnb
016 7# - NATIONAL BIBLIOGRAPHIC AGENCY CONTROL NUMBER
Record control number 020247232
Source Uk
020 ## - INTERNATIONAL STANDARD BOOK NUMBER
International Standard Book Number 9780008435448
Qualifying information (pbk.)
020 ## - INTERNATIONAL STANDARD BOOK NUMBER
International Standard Book Number 0008435448
Qualifying information (pbk.)
020 ## - INTERNATIONAL STANDARD BOOK NUMBER
International Standard Book Number 000843543X
Qualifying information (hardcover)
020 ## - INTERNATIONAL STANDARD BOOK NUMBER
International Standard Book Number 9780008435431
Qualifying information (hardcover)
020 ## - INTERNATIONAL STANDARD BOOK NUMBER
Canceled/invalid ISBN 9780008435455
Qualifying information (ePub ebook)
035 ## - SYSTEM CONTROL NUMBER
System control number (OCoLC)on1258120703
040 ## - CATALOGING SOURCE
Original cataloging agency AU@
Language of cataloging eng
Transcribing agency KMU
Description conventions rda
Modifying agency KMU
042 ## - AUTHENTICATION CODE
Authentication code lccopycat
050 00 - LIBRARY OF CONGRESS CALL NUMBER
Classification number BF 637.C45 Man
100 1# - MAIN ENTRY--PERSONAL NAME
Personal name Mannix, Kathryn,
Relator term author.
245 10 - TITLE STATEMENT
Title Listen :
Remainder of title how to find the words for tender conversations /
Statement of responsibility, etc. Kathryn Mannix.
264 #1 - PRODUCTION, PUBLICATION, DISTRIBUTION, MANUFACTURE, AND COPYRIGHT NOTICE
Place of production, publication, distribution, manufacture London :
Name of producer, publisher, distributor, manufacturer William Collins,
Date of production, publication, distribution, manufacture, or copyright notice 2021.
300 ## - PHYSICAL DESCRIPTION
Extent 289 pages :
Other physical details illustrations ;
Dimensions 22 cm
336 ## - CONTENT TYPE
Content type term text
Content type code txt
Source rdacontent
337 ## - MEDIA TYPE
Media type term unmediated
Media type code n
Source rdamedia
338 ## - CARRIER TYPE
Carrier type term volume
Carrier type code nc
Source rdacarrier
505 0# - FORMATTED CONTENTS NOTE
Formatted contents note Introduction -- Storytelling -- Opening the box -- Towards change -- Building bridges -- Towards connection.
520 ## - SUMMARY, ETC.
Summary, etc. Why do we so often come away from important interactions feeling we could have done more, been more honest, approached things differently or reached the heart of the matter? Why do we skirt the conversations that matter most? Listen uses case studies from every walk of life to look hard at conversations some term 'difficult' but which here are described as 'tender'. Examples include a child coming out to their parent; a family losing someone to terminal illness; a relative noticing early signs of dementia; and a careers adviser and teenager with radically different perspectives. With a lifetime's experience working in palliative medicine, Kathryn Mannix offers stories and expertise to help us better speak our minds and be there for others when we need to be --
Assigning source Source other than Library of Congress.
650 #0 - SUBJECT ADDED ENTRY--TOPICAL TERM
Topical term or geographic name entry element Listening.
650 #0 - SUBJECT ADDED ENTRY--TOPICAL TERM
Topical term or geographic name entry element Listening
General subdivision Social aspects.
650 #0 - SUBJECT ADDED ENTRY--TOPICAL TERM
Topical term or geographic name entry element Interpersonal relations.
650 #0 - SUBJECT ADDED ENTRY--TOPICAL TERM
Topical term or geographic name entry element Interpersonal conflict.
650 #0 - SUBJECT ADDED ENTRY--TOPICAL TERM
Topical term or geographic name entry element Interpersonal communication.
650 #0 - SUBJECT ADDED ENTRY--TOPICAL TERM
Topical term or geographic name entry element Conversation.
650 #0 - SUBJECT ADDED ENTRY--TOPICAL TERM
Topical term or geographic name entry element Attention.
650 #0 - SUBJECT ADDED ENTRY--TOPICAL TERM
Topical term or geographic name entry element Mindfulness (Psychology)
650 #0 - SUBJECT ADDED ENTRY--TOPICAL TERM
Topical term or geographic name entry element Informed consent (Medical law)
650 #0 - SUBJECT ADDED ENTRY--TOPICAL TERM
Topical term or geographic name entry element Empathy.
650 #0 - SUBJECT ADDED ENTRY--TOPICAL TERM
Topical term or geographic name entry element Nurturing behavior.
650 12 - SUBJECT ADDED ENTRY--TOPICAL TERM
Topical term or geographic name entry element Truth Disclosure
650 12 - SUBJECT ADDED ENTRY--TOPICAL TERM
Topical term or geographic name entry element Social Interaction
776 08 - ADDITIONAL PHYSICAL FORM ENTRY
Relationship information Ebook version :
International Standard Book Number 9780008435455
906 ## - LOCAL DATA ELEMENT F, LDF (RLIN)
a 7
b cbc
c copycat
d 3
e ncip
f 20
g y-gencatlg
942 ## - ADDED ENTRY ELEMENTS (KOHA)
Source of classification or shelving scheme Library of Congress Classification
Koha item type Fiction
Suppress in OPAC No
Holdings
Withdrawn status Lost status Source of classification or shelving scheme Damaged status Not for loan Collection Home library Current library Shelving location Date acquired Source of acquisition Total Checkouts Total Renewals Full call number Barcode Date last seen Date last checked out Price effective from Koha item type
    Library of Congress Classification     Fiction Kapasa Makasa University Kapasa Makasa University Open Access 03.11.2023 Zambia Library Service 4 2 BF 637.C45 Man 300582 15.08.2025 06.08.2025 03.11.2023 Fiction